000 01136naa a22003257a 4500
001 BR6010390
003 BR-BrBNA
005 20240918173215.0
007 ta
008 230509b bl.||||| |||| 00| 0 por d
040 _aBR-BrBNA
_bpor
_cBiblioteca Nacional de Agricultura
041 _a(Pt)
072 _aF00; D50
_b2480
_bG514
090 _aF00 BR6010390
100 1 _aParanhos, R.G. de F.
100 1 _aCortez, I.V.
111 1 _aReuniao de Estudos da Borracha para Aumento da Producao
_cRio de Janeiro, GB (Brazil)
_d14 Apr 1958
245 1 _aO servico de expansao da seringueira de Sao Paulo [Hevea brasiliensis; Plantio; Decreto; Brasil]
260 3 _aBrasilia, DF (Brasil):
_c1960.
500 _aO problema da borracha brasileira Brasilia, DF (Brasil): 1960. p. 212-225 (BR6010390-AM)F00
650 _aProducao vegetal
650 _aLegislacao
650 _aSeringueira
650 _aPlantio
650 _aDecreto
650 _aSao Paulo
773 0 _tO problema da borracha brasileira
_wF00 BR6010390
_gBrasilia, DF (Brasil), 1960. p. 212-225
909 _a202404
_bLucia
_c55
_dLucia Elande
942 _cAM
_2AGRIS
999 _c303434
_d303434